LEADER 01753nam0 22003493i 450 001 FER0098246 005 20251003044154.0 020 $aIT$b1933 4991 090 $a455818 100 $a20110630d1933 ||||0itac50 ba 101 | $aita 102 $ait 181 1$6z01$ai $bxxxe 182 1$6z01$an 200 1 $aˆLa ‰provvista dell'ufficio ecclesiastico nei recenti diritti concordatari$econ particolare riguardo al diritto italiano$fMario Petroncelli 210 $aMilano$cVita e pensiero$d1933 215 $aVII, 191 p.$d26 cm. 225 | $aPubblicazioni dell'Università cattolica del Sacro Cuore$iPubblicazioni della Università cattolica del Sacro Cuore. Ser. 2., Scienze giuridiche$v39 312 $aTit. del dorso: ˆLa ‰provvista dell'ufficio ecclesiastico$9MIL0365740 410 0$1001TO00372371$12001 $aPubblicazioni dell'Università cattolica del Sacro Cuore$i*Pubblicazioni della Università cattolica del Sacro Cuore. Ser. 2., Scienze giuridiche$v39$171202$aUniversità cattolica del Sacro Cuore$3CFIV008789 517 1 $aˆLa ‰provvista dell'ufficio ecclesiastico$9MIL0365740 606 $aDiritto concordatario$2FIR$3LO1C165875$9I 676 $a262.9$9DIRITTO E LEGGI DELLA CHIESA$v21 700 1$aPetroncelli$b, Mario$3CFIV069349$4070$0133059 801 3$aIT$bIT-000000$c20110630 850 $aIT-BN0095 901 $bNAP 01$cV $n$ 912 $aFER0098246 950 0$aBiblioteca Centralizzata di Ateneo$c1 v.$d 01V (S) 000 702$e 01S 0009007025 VMA 1 v.$fY $h20140508$i20140508 977 $a 01 996 $aProvvista dell'ufficio ecclesiastico nei recenti diritti concordatari$963848 997 $aUNISANNIO LEADER 01500nam0 22003493i 450 001 VEA0061074 005 20251003044438.0 100 $a19940809d1960 ||||0itac50 ba 101 | $aita 102 $ait 181 1$6z01$ai $bxxxe 182 1$6z01$an 200 1 $aProblemi economici d'oggi$fLibero Lenti 205 $a3. ed 210 $aMilano$cGarzanti$d1960 215 $a184 p.$ctab.$d18 cm. 225 | $aSaper tutto$v69-70 410 0$1001MIL0043682$12001 $aSaper tutto$v69-70 676 $a330.945$9SITUAZIONI E CONDIZIONI ECONOMICHE. ITALIA$v23 676 $a330.94509$9SITUAZIONI E CONDIZIONI ECONOMICHE. Italia. 1900-$v22 686 $aIT/3430.0$cECONOMIA E SOCIETA ITALIA 1945-1968$2R 686 $aIT/3430.6$cDISTRIBUZIONE DEL REDDITO ITALIA 1945-1968$2R 686 $aIT/3430.7$cFONTI STATISTICHE ITALIA 1945-1968$2R 700 1$aLenti$b, Libero$3CFIV032165$4070$033132 801 3$aIT$bIT-000000$c19940809 850 $aIT-BN0095 901 $bNAP 01$cPOZZO LIB.$nVi sono collocati fondi di economia, periodici di ingegneria e scienze, periodici di economia e statistica e altri fondi comprendenti documenti di economia pervenuti in dono. 912 $aVEA0061074 950 0$aBiblioteca Centralizzata di Ateneo$c1 v.$d 01POZZO LIB.F. PARRAVICINI 261$e 0101 0600161425E VMA 1 v. (Precedente collocazione P 287)$fB $h20220912$i20220912 977 $a 01 996 $aProblemi economici d'oggi$947263 997 $aUNISANNIO LEADER 05081nam 22007331 450 001 9910961281703321 005 20080905141155.0 010 $a9786611761370 010 $a9781472564283 010 $a1472564286 010 $a9781281761378 010 $a1281761370 010 $a9781847314147 010 $a1847314147 024 7 $a10.5040/9781472564283 035 $a(CKB)1000000000691234 035 $a(EBL)361641 035 $a(OCoLC)560616851 035 $a(SSID)ssj0000156819 035 $a(PQKBManifestationID)12008570 035 $a(PQKBTitleCode)TC0000156819 035 $a(PQKBWorkID)10130072 035 $a(PQKB)10468511 035 $a(MiAaPQ)EBC1772432 035 $a(MiAaPQ)EBC361641 035 $a(UtOrBLW)bpp09256382 035 $a(Au-PeEL)EBL361641 035 $a(UtOrBLW)BP9781472564283BC 035 $a(Perlego)810111 035 $a(EXLCZ)991000000000691234 100 $a20140929d2008 uy 0 101 0 $aeng 135 $aur|n|---||||| 181 $ctxt 182 $cc 183 $acr 200 00$aForced migration, human rights and security /$fedited by Jane McAdam 205 $a1st ed. 210 1$aOxford ;$aPortland, Oregon :$cHart Publishing,$d2008. 215 $a1 online resource (316 p.) 225 1 $aStudies in international law ;$vv. 17 300 $aDescription based upon print version of record. 311 08$a9781841137704 311 08$a1841137707 320 $aIncludes bibliographical references and index. 327 $tForced migration : refugees, rights and security /$rGuy S. Goodwin-Gill --$tResolution 1373 : a call to pre-empt Asylum Seekers? (or 'Osama, the Asylum Seeker') /$rPenelope Mathew --$tNational security and 'non-refoulment' in New Zealand : commentary on 'Zaoui v Attorney-General (No 2)' /$rRodger Haines Q. C. --$tOffshore barriers to Asylum Seeker movement : the exercise of power without responsibility? /$rSavitri Taylor --$tThe legal and ethical implications of extraterritorial processing of Asylum Seekers : the 'safe third country' concept /$rSusan Kneebone --$tRe-thinking the paradigms of protection : children as convention refugees in Australia /$rMary Crock --$tWearing thin : restrictions on Islamic headscarves and other religious symbols /$rBen Saul --$tSubjectivity and refugee fact-finding /$rArthur Glass --$tTowards convergence in the interpretation of the refugee convention : a proposal for the establishment of an international judicial commission for refugees /$rAnthony M. North and Joyce Chia --$tThe refugee convention as a rights blueprint for persons in need of international protection /$rJane McAdam --$tThe responsibility to protect : closing the gaps in the international protection regime /$rErika Feller. 330 $a"The international protection regime for refugees and other forced migrants seems increasingly at risk as measures designed to enhance security-of borders, of people, of institutions, and of national identity-encroach upon human rights. This timely edited collection responds to some of the contemporary challenges faced by the international protection regime, with a particular focus on the human rights of those displaced. The book begins by assessing the impact of anti-terrorism laws on refugee status, both at the international and domestic levels, before turning to examine the function of offshore immigration control mechanisms and extraterritorial processing on asylum seekers' access to territory and entitlements (both procedural and substantive). It considers the particular needs and rights of children as forced migrants, but also as children; the role of human rights law in protecting religious minorities in the context of debates about national identity; the approaches of refugee decision-makers in assessing the credibility of evidence; and the scope for an international judicial commission to provide consistent interpretative guidance on refugee law, so as to overcome (or at least diminish) the currently diverse and sometimes conflicting approaches of national courts. The last part of the book examines the status of people who benefit from 'complementary protection'-such as those who cannot be removed from a country because they face a risk of torture or cruel, inhuman or degrading treatment or punishment-and the scope for the broader concept of the 'responsibility to protect' to address gaps in the international protection regime"--Bloomsbury Publishing. 410 0$aStudies in international law (Oxford, England) ;$vv. 17. 606 $aForced migration 606 $aHuman rights 606 $aRefugees$xLegal status, laws, etc 606 $2International human rights law 615 0$aForced migration. 615 0$aHuman rights. 615 0$aRefugees$xLegal status, laws, etc. 676 $a341.486 686 $a86.81$2bcl 702 $aMcAdam$b Jane$f1974- 801 0$bUtOrBLW 801 1$bUtOrBLW 906 $aBOOK 912 $a9910961281703321 996 $aForced migration, human rights and security$94478137 997 $aUNINA